Countries with over 10 Million population - Statistics

General Stats
  • This quiz has been taken 19 times
  • The average score is 10 of 18
Answers on the Grid
Answers color-coded by a green-red scale on the quiz's grid according to % correct below.
Poland
Germany
Montenegro
Serbia
Norway
USA
Canada
Guatemala
Hungary
Czechia
Sweden
Nauru
Nigeria
Austria
Azerbaijan
Switzerland
Iceland
Japan
Ghana
Niger
Tanzania
Ireland
New Zealand
Costa Rica
France
Spain
Italy
Russia
Monaco
Ukraine
 
Answer Stats
Answer % Correct
USA
92%
Germany
85%
Poland
85%
Canada
69%
France
69%
Japan
69%
Russia
69%
Spain
69%
Italy
62%
Ukraine
62%
Niger
54%
Nigeria
54%
Ghana
46%
Guatemala
46%
Tanzania
46%
Azerbaijan
31%
Sweden
23%
Czechia
8%
No matching quizzes found
Score Distribution
Percent of People with Each Score
Percentile by Number Answered
Your Score History
You have not taken this quiz